| 000 | 00699nam a2200277 a 4500 | ||
|---|---|---|---|
| 003 | AR-BaBNM | ||
| 005 | 20251128202858.0 | ||
| 008 | 082120s2002 ||||||||||||||000 | spa|| | ||
| 040 | _cAR-BaBNM | ||
| 100 | 1 | _aCastro, Ernesto L. | |
| 245 | 0 | 0 | _aDesde el fondo de la tierra |
| 250 | _a2ª ed. | ||
| 260 |
_aBuenos Aires _bLosada _c1951 |
||
| 300 | _a288 p. | ||
| 490 | 0 | _aNovelistas de España y América | |
| 650 | 4 | _aLITERATURA ARGENTINA | |
| 650 | 4 | _aESCRITORES | |
| 650 | 4 | _aLITERATURA CONTEMPORANEA | |
| 650 | 4 | _aNOVELAS | |
| 650 | 4 | _aPAMPAS | |
| 650 | 4 | _aLITERATURA FOLKLORICA | |
| 650 | 4 | _aCOSTUMBRES Y TRADICIONES | |
| 655 | _aLITERATURA | ||
| 942 | _cBK | ||
| 998 | _cMARTIN | ||
| 999 |
_c1009 _d1009 |
||